Babu Jagjivan Ram on public adminstraion (Record no. 502468)

000 -LEADER
fixed length control field 00288cam a22000977a 4500
008 - FIXED-LENGTH DATA ELEMENTS--GENERAL INFORMATION
fixed length control field 180718b2009 xxu||||| |||| 00| 0 eng d
082 ## - DEWEY DECIMAL CLASSIFICATION NUMBER
Classification number A99 J185 J185
245 ## - TITLE STATEMENT
Title Babu Jagjivan Ram on public adminstraion
260 ## - PUBLICATION, DISTRIBUTION, ETC.
Place of publication, distribution, etc. New delhi
Name of publisher, distributor, etc. Indian institute of public adminstraion
Date of publication, distribution, etc. 2009
300 ## - PHYSICAL DESCRIPTION
Extent 32
Holdings
Withdrawn status Lost status Damaged status Not for loan Permanent Location Current Location Date acquired Full call number Barcode Date last seen Price effective from Koha item type
        Indian Institute of Public Administration Indian Institute of Public Administration 2018-08-04 A99 J185 J185 GR18716 2018-08-04 2018-08-04 GR
        Indian Institute of Public Administration Indian Institute of Public Administration 2018-08-04 A99 J185 J185 GR18715 2018-08-04 2018-08-04 GR

Powered by Koha